| 000 | 00627pam a2200205 a 4500 | ||
|---|---|---|---|
| 020 | _a0262112388 (alk. paper) | ||
| 040 | _cDLC | ||
| 082 | 0 | 0 | _a330 MIT 1999 A066 Or. |
| 100 | 1 | _aKim, Chang-Jin, | |
| 245 | 1 | 0 |
_aState-space models with regime switching : _bclassical and Gibbs-sampling approaches with applications / |
| 260 |
_aCambridge, Mass. : _bMIT Press, _cc1999. |
||
| 300 |
_axii, 297 p. : _bill. ; _c24 cm. |
||
| 650 | 0 | _aEconomics | |
| 650 | 0 | _aState-space methods. | |
| 650 | 0 | _aHeteroscedasticity. | |
| 650 | 0 | _aSampling (Statistics) | |
| 650 | 0 | _aEconometrics. | |
| 700 | 1 | _aNelson, Charles R. | |
| 942 | _cEK | ||
| 999 |
_c14157 _d14157 |
||